| 000 | 00404pab a2200145 454500 | ||
|---|---|---|---|
| 008 | 180718b1983 xxu||||| |||| 00| 0 eng d | ||
| 100 | _aIqbal, Farrukh | ||
| 245 |
_aThe demands for funds by agricultural households _bEvidence from rural India |
||
| 260 | _c1983 | ||
| 300 | _a68-86 | ||
| 362 | _aOct. | ||
| 650 | _aAgricultural Credit - India | ||
| 773 | _aJournal of Development Studies | ||
| 909 | _a3380 | ||
| 999 |
_c3380 _d3380 |
||